000 01964nmm a22002534a 4500
003 BOLpUSFA
005 20201001011745.0
008 t mx gq d z spa u
041 _aspa
044 _cMX
245 _aDesarrollo humano
_h[recurso electrónico]
250 _a13a. ed.
260 _aMéxico D.F.:
_bMcGraw-Hill,
_c2015.
300 _a578 p.:
_bil.
520 _aEl libro contiene lo siguiente: : Parte 1: Acerca del desarrollo humano 1. Estudio del desarrollo humano. 2. Teoría e investigación Parte 2: Orígenes 3. Formación de una nueva vida. 4. Nacimiento y desarrollo físico en los primeros tres años. 5. Desarrollo cognitivo en los primeros tres años. 6. Desarrollo psicosocial en los primeros tres años. Parte 3: Niñez temprana 7. Desarrollo físico y cognoscitivo en la niñez temprana. 8. Desarrollo psicosocial en la niñez temprana. Parte 4: Niñez media 9. Desarrollo físico y cognoscitivo en la niñez media. 10. Desarrollo psicosocial en la niñez media. Parte 5: Adolescencia 11. Desarrollo físico y cognoscitivo en la adolescencia. 12. Desarrollo psicosocial en la adolescencia. Parte 6: Adultez emergente y temprana 13. Desarrollo físico y cognoscitivo en la adultez emergente y temprana. 14. Desarrollo psicosocial en la adultez emergente y temprana. Parte 7: Adultez media 15. Desarrollo físico y cognoscitivo en la adultez media. 16. Desarrollo psicosocial en la adultez media. Parte 8: Adultez tardía 17. Desarrollo físico y cognoscitivo en la adultez tardía. 18. Desarrollo psicosocial en la adultez tardía. Parte 9: El final de la vida 19. Manejo de la muerte y el duelo.
650 _aAdolescencia
650 _aNiñez
650 _aDesarrollo humano
650 _aEstrategia de desarrollo
653 _aAdultez
710 _bMartorell, Gabriela
856 _uhttp://biblioteca.usfa.edu.bo/cgi-bin/koha/opac-retrieve-file.pl?id=1407259bf9f20c3389b572277f38eaba
942 _cDOCE
_zOPW
_2ddc
999 _c3665
_d3665